L'atlante metastable, epopee cosmique /
Guardado en:
| Autor Principal: | |
|---|---|
| Formato: | Libro |
| Publicado: |
Paris :
Societe Academique Des Arts Liberaux,
1983
|
| Materias: | |
| Etiquetas: |
Agregar Etiqueta
Sin Etiquetas, Sea el primero en etiquetar este registro!
|
| LEADER | 00489nam a22001575a 4500 | ||
|---|---|---|---|
| 001 | EHU.bham009313 | ||
| 003 | AR-BHAM | ||
| 005 | 20100212182735.0 | ||
| 008 | 130507s1983##################000#0#####d | ||
| 082 | 8 | 4 | |a 841.9 |
| 100 | 1 | |a Cotti, Claude | |
| 245 | 1 | 0 | |a L'atlante metastable, epopee cosmique / |c Claude Cotti. |
| 260 | |a Paris : |b Societe Academique Des Arts Liberaux, |c 1983 | ||
| 300 | |a 93 p. | ||
| 653 | |a Poesia francesa-1901- | ||
| 859 | |a AR-BHAM |b BIB. HUMANIDADES - General |h 841.9 |i C828-13 |p 139.85 |t Ej.1 | ||
